000 00896nas a2200289 4500
001 BR2013008005
003 BR-BrBNA
005 20231205123056.0
007 ta
008 230509b bl.|||p| |||| 00| 00por d
040 _aBR-BrBNA
_bpor
_cBiblioteca Nacional de Agricultura
041 _a(En)
072 _aQ04; Q02; J11
100 1 _aMelo, W. dos S.
100 1 _aPena, R. da S.
100 1 _aRodrigues, A.M. da C.
100 1 _aSilva, L.H.M. da
245 1 _aHygroscopic behavior of buriti (Mauritia flexuosa)fruit
650 _aHIGROSCOPIA
650 _aSECAGEM
650 _aARMAZENAMENTO
650 _aACONDICIONAMENTO
773 0 _tCiência e Tecnologia de Alimentos (Brazil)
_xISSN 1678-457X
_g(Oct-Dec 2011), v. 31(4) p. 935-940
_wBR2013008005
856 4 0 _uhttp://www.scielo.br/pdf/cta/v31n4/17.pdf
909 _a202311
_bLúcia
_c55
_dLúcia Elande
942 _2AGRIS
_n0
_cANA
999 _c232054
_d232054